[Event "Cairo Al Ain op"]
[Site "Cairo"]
[Date "2023.11.30"]
[Round "6"]
[White "Abdel Fatah, Mansour"]
[Black "Weam, Ahmed"]
[Result "1-0"]
[WhiteElo "1787"]
[BlackElo "1436"]
[PlyCount "91"]
[EventDate "2023.11.27"]
[EventType "swiss"]
[EventRounds "10"]
[EventCountry "EGY"]
[SourceTitle "CBM 217 Extra"]
[Source "ChessBase"]
[SourceDate "2024.01.31"]
[SourceVersion "1"]
[SourceVersionDate "2024.01.31"]
[SourceQuality "1"]

1. d4 d5 2. c4 c6 3. Nc3 Nf6 4. Nf3 e6 5. e3 Nbd7 6. Bd3 dxc4 7. Bxc4 Bd6 8. e4 e5 9. dxe5 Nxe5 10. Nxe5 Bxe5 11. Qxd8+ Kxd8 12. Bg5 Ke8 13. 0-0 h6 14. Bxf6 Bxf6 15. e5 Be7 16. f4 b5 17. Bd3 Bb7 18. Be4 Rb8 19. Rad1 b4 20. Ne2 c5 21. Bxb7 Rxb7 22. Ng3 g6 23. Ne4 Rd7 24. Rc1 Rc7 25. Rfd1 c4 26. Kf1 g5 27. f5 g4 28. Rd4 Bg5 29. Nxg5 hxg5 30. Rcxc4 Rxc4 31. Rxc4 Rxh2 32. Rxb4 Rh1+ 33. Kf2 Rc1 34. Kg3 Rc2 35. a4 Re2 36. Rb5 a6 37. Ra5 Rxb2 38. Rxa6 Re2 39. e6 f6 40. Ra8+ Ke7 41. Ra7+ Ke8 42. a5 Re4 43. a6 Rf4 44. Rh7 Rxf5 45. a7 Ra5 46. a8Q+ 1-0